000 00318nam a22001337a 4500
008 170927b xxu||||| |||| 00| 0 eng d
020 _a9780930323523
041 _aeng
080 _a37
100 _a47
101 _aEDU
245 _aEDUCATIONAL AND DEVELOPMENTAL ASPECTS OF DEAFNESS
_cMOORES,D.F
942 _2udc
_cBK
999 _c30296
_d30296